Представление документа в формате MARC21

Поле Инд. ПП Название Значение
Тип записи a
Библиографический уровень m
001 Контрольный номер e1d226f8-923e-4ed0-9066-f39b62619e05
005 Дата корректировки 20140703161043.5
008 Кодируемые данные 071109
020 c Цена, тираж б/ц
040 a Служба первич. каталог. НБ ТвГУ
041 a Код языка текста rus
080 a Индекс УДК 1(430)(092)(043.3)
a Индекс УДК 929Гегель
084 a Индекс другой классификации/Индекс ББК Ю3(4Гем)5-563я031
090 x Авторский знак Т80
a Полочн. индекс Ю3(4Гем)
100 1_ a Автор Труфанов Сергей Николаевич
245 10 a Заглавие Концепция самосознания в философской системе Г. В. Ф. Гегеля
b Продолж. заглавия дис. ... канд. филос. наук : 09.00.03
c Ответственность Самар. гос. техн. ун-т
260 1_ a Место издания Самара
c Дата издания 2007
300 a Объем 153 с.
500 a Примечание На правах рукоп.
502 a Примечание о диссертации Дис.(канд.) - Самар. гос. техн. ун-т, 2007
504 a Библиография Библиогр.: с. 141-153.
583 a Действие Получение впервые 286 09.11.2007
650 a Основная рубрика Гегель, Георг Вильгельм Фридрих, о нем
650 a Основная рубрика Философия
x Основная подрубрика История
y Хронологическая подрубрика 18-19 вв.
z Географическая подрубрика Германия
650 a Основная рубрика Немецкая философия
653 a Ключевые слова Гегель
a Ключевые слова Немецкая философия
a Ключевые слова История философии
a Ключевые слова Философия
a Ключевые слова Самосознание
a Ключевые слова Диссертации
a Ключевые слова Персоналии
852 t Порядковый номер экземпляра 1
p Инвентарный номер б/н
888 a Бесплатные
930 a Новая/Ретро диссертации
a Новая/Ретро персоналии
952 p 286.2007 б/ц 1 б/н
c Вид литературы Дис н
954 a Дата поступления на обработку 20071115
999 a Подразделение 2 ч.з.